000 00649nam a2200229 a 4500
001 46516
003 BD-RjUL
005 20211209054150.0
008 160802s1952 pk 001 0 eng
035 _a(BD-RjUL)46635
040 _aDLC
_cMNU
_dSTF
_dBD-RjUL
_beng
041 _aeng
082 _223
_a297
_bFAI 1952
100 1 _aFaruki, Kemal A.
_9141916
245 1 0 _aIslamic constitution /
_c Kemal A. Faruki
260 _aKarachi :
_bKhokhropar Gateway Publications,
_c1952.
300 _axiii, 146 p. ;
_c24 cm.
500 _aIncludes index.
650 0 _aIslam and state.
_9141917
650 0 _aConstitutional law.
_9141918
942 _2ddc
_cBK
999 _c46516
_d46516